Recursos per a l'abordatge de les violències masclistes des dels cossos de seguretat locals /
Descripción Física:
95 pàgines ; 30 cm
Descripción:
Totes les formes i expressions de violència masclista constitueixen violacions dels drets fonamentals i es manifesten en diferents conductes presents a l'espai públic i el privat. Aquesta publicació vol facilitar l'accés a l'abordatge de les violències masclistes al personal dels coss...
Otros Autores:
Casellas Tauler, Mireia
,
Esteban Tercero, Lorena
,
Martínez Rodríguez, Diego
,
Roa Natividad, Joan
,
Vilà Castelló, Ariadna
,
Garcia Urizarna, Sandra
,
Doltra Tapiola, Eulàlia
Materias:
Violència envers les dones -- Prevenció
; Violència envers les dones -- Assistència institucional
; Violència envers les dones -- Manuals, guies, etc.
; Policia local -- Manuals, guies, etc.
Idioma:
Catalán
MARC
| LEADER | 00000nam a22000007a 4500 | ||
|---|---|---|---|
| 001 | 28590 | ||
| 003 | AGDB | ||
| 005 | 20260324181526.0 | ||
| 008 | 240923b spa||||| |||| 00| 0 cat d | ||
| 017 | |a B 2468-2024 | ||
| 040 | |a agdb |b cat | ||
| 245 | |a Recursos per a l'abordatge de les violències masclistes des dels cossos de seguretat locals / |c Autoria: Mireia Casellas Tauler, Lorena Esteban Tercero, Diego Martínez Rodriguez, Joan Roa Natividad, Ariadna Vilà Castelló ; Coordinació: Sandra Garcia Urizarna i Eulàlia Doltra Tapiola, Servei de Polítiques d'Igualtat. Àrea de Feminismes i Igualtat de la Diputació de Barcelona | ||
| 250 | |a 1a edició: |b desembre de 2023 | ||
| 260 | |a Barcelona : |b Diputació de Barcelona ; |c 2023 | ||
| 300 | |a 95 pàgines ; |c 30 cm | ||
| 490 | |a Col·lecció Eines | ||
| 490 | |a Sèrie Feminismes i Igualtat ; |v 2 | ||
| 520 | |a Totes les formes i expressions de violència masclista constitueixen violacions dels drets fonamentals i es manifesten en diferents conductes presents a l'espai públic i el privat. Aquesta publicació vol facilitar l'accés a l'abordatge de les violències masclistes al personal dels cossos de seguretat locals, a través de donar eines per a millorar la detecció de casos, i l'atenció integral i coordinada amb els serveis territorials de violències masclistes. | ||
| 650 | 0 | |a Violència envers les dones |x Prevenció |9 70581 | |
| 650 | 0 | |a Violència envers les dones |x Assistència institucional |9 71593 | |
| 650 | 0 | |a Violència envers les dones |x Manuals, guies, etc. |9 71594 | |
| 650 | 0 | |a Policia local |x Manuals, guies, etc. |9 71607 | |
| 700 | |a Casellas Tauler, Mireia |9 70063 |e autoria | ||
| 700 | |a Esteban Tercero, Lorena |9 71595 |e autoria | ||
| 700 | |a Martínez Rodríguez, Diego |9 71608 |e autoria | ||
| 700 | |a Roa Natividad, Joan |9 71609 |e autoria | ||
| 700 | |a Vilà Castelló, Ariadna |9 71596 |e autoria | ||
| 700 | |a Garcia Urizarna, Sandra |9 71610 |e coordinació | ||
| 700 | |a Doltra Tapiola, Eulàlia |e coordinació |9 71611 | ||
| 710 | |a Barcelona (Catalunya : Província). |b Àrea de Feminismes i Igualtat |9 70582 |e entitat impulsora | ||
| 710 | |a La Nut |9 71597 |e desenvolupament del projecte | ||
| 856 | 4 | 0 | |u https://llibreria.diba.cat/cat/llibre/recursos-per-a-l-abordatge-de-les-violencies-masclistes-des-dels-cossos-de-seguretat-locals_69400 |y Accés lliure (Llibreria de la Diputació de Barcelona) |
| 942 | |2 udc |c ARXIU |n 1 | ||
| 952 | |0 0 |1 0 |4 0 |6 BIB1210 |7 1 |9 97410 |a Arxiu |b Arxiu |d 2024-09-23 |l 0 |o Bib-1210 |p 28590 |r 2024-09-23 00:00:00 |w 2024-09-23 |y ARXIU | ||
| 999 | |c 129285 |d 129285 | ||